000
00262nam a2200109Ia 4500
008
200302s9999 xx 000 0 und d
100
_a
Marion Baeli
245
_a
Residential Retro Fit 20 case Studies
260
_b
Riba Publishing
260
_c
2013
300
_a
128
999
_c
3784
_d
3784